000 00678nam a22001817a 4500
999 _c58682
_d58682
003 Ge_BSU
005 20220628131555.0
008 220628s2016 ge ||||| |||| 00| 0 geo d
020 _a2000000018355
041 _ageo
080 _a912(100) მ-90
245 _aმოფლიოს ფიზიკური რუკა /
_cრედაქტორი ნოდარ ფეიქრიშვილი.
264 _aთბილისი :
_b''გეოიდი 2011''
_c2016.
300 _a1:35 000 000
653 _aმსოფლიოს ფიზიკური რუკა
700 _aფეიქრიშვილი, ნოდარ
_914240
942 _2udc
_cCR